Missing Word: Countries in Movies Quiz Stats

Quiz Updated Apr 15, 2015

Also try: Country by Movie
Challenge
Share
Tweet
Embed
Score 0/15 Timer 03:00
0 Plays Today
Title Missing Word % Correct
Good Morning, _____Vietnam
86.8%
From _____ With LoveRussia
83.7%
_____: Escape 2 AfricaMadagascar
80.2%
Big Trouble in Little _____China
75.2%
Hotel _____Rwanda
74%
A Passage to _____India
68.6%
Once Upon a Time in _____Mexico
52.1%
The Prince of _____Egypt
51.5%
Title Missing Word % Correct
The Boys from _____Brazil
51.3%
Journey to _____Italy
47.7%
Borat: Cultural Learnings of America for Make Benefit Glorious Nation of _____Kazakhstan
46.9%
Salmon Fishing in the _____Yemen
46.1%
Road to _____Morocco
17.6%
The _____ JobIran
13.4%
Imagining _____Argentina
12.7%

Today's Daily Dose

You're not logged in!

Compare scores with friends on all Sporcle quizzes.
Sign Up with Email
OR
Log In

You Might Also Like...

Show Comments

Extras

Top Quizzes Today


Score Distribution

Your Account Isn't Verified!

In order to create a playlist on Sporcle, you need to verify the email address you used during registration. Go to your Sporcle Settings to finish the process.